Quizzes
Events
Quiz Creation
Community
Videos
Private Events
Remove Ads
Sign In
Join for FREE
Feedback
Dark Mode
Quiz Categories
Sports
Geography
Music
Movies
Television
Just For Fun
Miscellaneous
History
Literature
Language
Science
Gaming
Entertainment
Religion
Holiday
For Kids
Quiz Lab
Recent
Popular Today
Quiz Kudos Today
Editor Picks
Curator Picks
Quizzes by...
Day
Popularity
Type
Ratings
Length
Year
Community
Subscriptions
Recent Discussions
Orange Saloon
Badges
Playlists
Quests
Create
Leaderboards
Showdown
Live 5
Trivia Bingo
Activity
Puzzle Library
Sporcle Events
Private Events
Virtual Trivia
Globe League
Become a Host
Pub Owners
SporcleCon
Opinionation
Our Games
Videos
Blog
Mobile Apps
Partnerships
Remove Ads and Go Orange
Feedback
Music
Pop Music
The Beatles
Song
Album
Lyrics
Bands
Singers
Artist
Clip
Rock
Rap
Classical
Billboard
Country Music
Kpop
Taylor Swift
Music
Pop Music
The Beatles
Song
Album
Lyrics
Bands
Singers
Artist
Clip
Rock
Rap
Classical
Billboard
Country Music
Kpop
Taylor Swift
Random Quiz
Search Sporcle
×
Quiz Lab
Quiz Lab
Music
Artist
Type in answers that appear in a list
Type in answers that appear in a list
Classic
Best Score? Go Orange.
Superstar Duets Stats
Can you name the Missing Partner in each Superstar Duet?
By
Randy59
9m
40 Questions
60 Plays
60 Plays
60 Plays
Comments
Comments
Give Quiz Kudos
Give Quiz Kudos
-
- Ratings
hide this ad
More Info
Replay
Link that replays current quiz
Next Quiz
Link to next quiz in quiz playlist
You Got
0%
They Got
Avg Score
54%
Avg Friend Score
Upgrade to see
Score Distribution
Jump to the score distribution portion of the page
Score
0/40
Timer
09:00
0
Plays Today
Partner - Song
Duet Artist
% Correct
Stevie Wonder -
Ebony & Ivory (1982)
Paul McCartney
91.7%
Answer #2 -
Islands In The Stream (1983)
Dolly Parton
90%
George Michael -
Don't Let The Sun Go Down On Me (1991)
Elton John
90%
Answer #21 -
The Girl Is Mine (1982)
Michael Jackson
90%
Lionel Richie -
Endless Love (1981)
Diana Ross
86.7%
Answer # 9 -
You're The One That I Want (1978)
John Travolta
78.3%
Answer #18 -
Don't Go Breakin' My Heart (1976)
Kiki Dee
78.3%
Answer #1 -
Don't Fall In Love With A Dreamer (1980)
Kenny Rogers
76.7%
Cliff Richard -
Suddenly (1980)
Olivia Newton-John
76.7%
Neil Diamond -
You Don't Bring Me Flowers (1978)
Barbra Streisand
76.7%
Answer #11 -
Up Where We Belong (1982)
Joe Cocker
75%
Philip Bailey -
Easy Lover (1984)
Phil Collins
75%
Julio Iglesias -
To All The Girls I've Loved Before (1984)
Willie Nelson
70%
Aaron Neville -
Don't Know Much (1989)
Linda Ronstadt
68.3%
Bill Medley -
(I've Had) The Time Of My Life (1987)
Jennifer Warnes
68.3%
Answer #13 -
Somethin' Stupid (1967)
Frank Sinatra
63.3%
Roberta Flack -
Tonight, I Celebrate My Love (1983)
Peabo Bryson
60%
Patti LaBelle -
On My Own (1986)
Michael McDonald
58.3%
Lee Hazelwood -
Some Velvet Morning (1968)
Nancy Sinatra
56.7%
Carly Simon -
Mockingbird (1974)
James Taylor
56.7%
Partner - Song
Duet Artist
% Correct
Bing Crosby -
Peace On Earth/
Little Drummer Boy (1977)
David Bowie
56.7%
Amy Grant -
The Next Time I Fall (1986)
Peter Cetera
53.3%
Donny Osmond -
Deep Purple (1976)
Marie Osmond
53.3%
Answer #28 -
Beauty And The Beast (1991)
Celine Dion
48.3%
Answer #6 -
Somewhere Out There (1987)
James Ingram
46.7%
Eddie Rabbitt -
You And I (1982)
Crystal Gayle
46.7%
Ozzy Osbourne -
Close My Eyes Forever (1989)
Lita Ford
46.7%
Answer #15 (again) -
Guilty (1981)
Barry Gibb
43.3%
Answer #15 -
No More Tears (Enough Is Enough) (1979)
Donna Summer
41.7%
Mike Reno -
Almost Paradise (1984)
Ann Wilson
36.7%
Answer #4 -
After All (1989)
Cher
35%
Answer # 7 -
Baby Come To Me (1982)
Patti Austin
33.3%
Annette Funicello -
Beach Blanket Bingo (1965)
Frankie Avalon
33.3%
Answer #24 -
Separate Lives (1985)
Marilyn Martin
28.3%
Gene Cotton -
You're A Part Of Me(1978)
Kim Carnes
26.7%
Answer #28 (again) -
A Whole New World (1992)
Regina Belle
23.3%
Suzi Quatro -
Stumblin' In (1979)
Chris Norman
15%
Answer #26 -
Surrender To Me (1989)
Robin Zander
13.3%
Nino Tempo -
Deep Purple (1963)
April Stevens
13.3%
Roy Orbison -
That Lovin' You Feelin' Again (1980)
Emmylou Harris
10%
Quiz Playlist
Details
Report
Send in Message
Add To Playlist
More Info:
Well, mostly "Superstars" anyway. Some questions based on answer previous question
Classic:
Type in answers that appear in a list
Last Updated: Feb 16, 2017
Quiz Scoreboard
CHALLENGE
Sign Up to Join the Scoreboard
Show All
Scores
Hide
Comments
May contain spoilers
Recently Published
Billboard Blitz: Fleetwood Mac
by CooCooCachoo
Music
15s
Presidents Visiting Landmarks
by Hejman
History
7m
An Introduction to Baseball
by treessimontrees
Sports
5m
More to Explore
Quiz From the Vault
Featured Blog Post
Where Did the Easter Bunny Come From?
hide this ad
You Might Also Like...
Tags
Artist Quiz
Song Quiz
duet
item
Partner
Superstar
Today's Top Quizzes in Music
Browse Music
hide this ad
Today's Top Quizzes in Artist
Browse Artist
Top Contributed Quizzes in Music
1
Taylor Swift All Songs (2024)
2
Guess the Artist- 70s Songs
3
7-to-1: Billboard Hot 100 #1 Hits of 2010s
4
Sorting Albums and Songs
5
Taylor Swift Logic Puzzle
6
One Thing in Common: Music
7
2010s Album by Cover III
8
KPOP LOGIC QUIZ
9
Guess the Taylor Swift song (Mystery Song)
10
Guess the Artist- 80s Songs
Explore More
Trending Topics
Anime
Marvel
Disney
Kpop
Crossword
Harry Potter
NBA
Country
WWE
NFL
The Office
Puzzle
Song
Pokémon
Soccer
hide this ad
More By:
Randy59
Quiz
Plays
Rating
Category
Featured
Created
US States Named After Individuals
6,381
3.44
Geography
Oct 15, 2010
(Rebecca) Black Friday Quiz
3,267
4.62
Music
Mar 18, 2011
Same Last Name Blitz: Sports v. Entertainment
2,558
4.00
Entertainment
Mar 16, 2011
Missing Word: Charlie Sheen Quotes
819
4.42
Entertainment
Mar 2, 2011
Iowa Hawkeyes With Super Bowl Rings
412
4.50
Sports
Jan 24, 2011
Go to Creator's Profile
Score Distribution
Quiz Creator Spotlight
Randy59
Follow
Send a Message
Quizzes Created
-
Created Quiz Play Count
-
More By This Creator
Popular Quizzes Today
1
Find the US States - No Outlines Minefield
2
Find the Countries of Europe - No Outlines Minefield
3
The Countries of the World
4
Find the US States
5
US States
6
Popular People in 1961
7
Risky Map Clicking: Biggest States A-Z
8
Movies - When Are They Set?
More Music Quizzes
10 Opening Lyrics: '80s Diva Hits
Quiz Lab
Trending Quizzes
Risky Map Clicking: Least Populous States A-Z
1-10 Letter G Words
1-10 Letter F Words
Risky Map Clicking: Next State Alphabetically
'A' Boys' Names Grid
Recently Updated
Leaping Animals
pecheneg
Reality TV Shows (A-Z)
bhenderson79
Rickey Henderson's Hall of Fame Teammates
pecheneg
Champions League XIs: Arsenal
pecheneg
Quick Pick: Celebrities in WWE's Hall of Fame
aduchscher
A-Z Keypad Blitz II
pecheneg
Multiple Oscar Actors
pecheneg
Mystery Phrase Blitz: Oscar 'Best Actors'
pecheneg
F. Scott Fitzgerald Novels
LTH
Pick 3 Villains
ddd62291
Trending Topics
NBA
Anime
Marvel
Disney
Kpop
Harry Potter
Crossword
Country
Soccer
Pokémon
Song
Puzzle
The Office
WWE
NFL
Your Account Isn't Verified!
In order to create a playlist on Sporcle, you need to verify the email address you used during registration. Go to your
Sporcle Settings
to finish the process.
Report this User
Report this user for behavior that violates our
Community Guidelines
.
Details:
Send Report
Go to the Sporcle.com Mobile Site →
Comments